| 000 | 01735nam a2200469 i 4500 | ||
|---|---|---|---|
| 001 | 42667 | ||
| 003 | KOSZ 005 | ||
| 005 | 20200529113336.0 | ||
| 008 | 030319s2002 pl a f |000 0 pol | ||
| 015 | _aPB 2003/6233 | ||
| 040 |
_aWA N _cWA N _dKOSZ 005/HR |
||
| 041 | 0 |
_apol _beng _bger |
|
| 046 | _k2002 | ||
| 080 | _a624.014.2 | ||
| 080 | _a620.17 | ||
| 080 | _a519.61/.64 | ||
| 100 | 1 |
_aPiekarczyk, Marek _d(1957- ) _eAutor |
|
| 245 | 1 | 0 |
_aWykorzystanie nadkrytycznej rezerwy nośności w projektowaniu konstrukcji stalowych / _cMarek Piekarczyk. |
| 260 |
_aKraków : _bPK, _c2002. |
||
| 300 |
_a147 s. : _bil. (w tym kolor.) ; _c24 cm. |
||
| 336 |
_2rdacontent _aTekst _btxt |
||
| 337 |
_2rdamedia _aBez urządzenia pośredniczącego _bn |
||
| 338 |
_2rdacarrier _aWolumin _bnc |
||
| 380 | _aKsiążki | ||
| 380 | _aPublikacje naukowe | ||
| 388 | _a2001- | ||
| 490 | 1 | _aMonografia / Politechnika Krakowska im. Tadeusza Kościuszki. Inżynieria Lądowa. | |
| 500 | _aISSN i nr serii gł.: 0860-097X ; 281. | ||
| 504 | _aBibliogr. | ||
| 546 | _aStreszcz. ang., niem. | ||
| 650 | 4 | _aBudownictwo | |
| 650 | 4 | _aKonstrukcje stalowe | |
| 650 | 4 | _aProjektowanie | |
| 650 | 4 | _aAnaliza numeryczna | |
| 650 | 4 | _aWytrzymałość materiałów | |
| 658 | _aArchitektura i budownictwo | ||
| 710 |
_aWydawnictwo Politechniki Krakowskiej _4pbl |
||
| 830 | 0 |
_aMonografia - Politechnika Krakowska im. Tadeusza Kościuszki. _pInżynieria Lądowa |
|
| 830 | 0 |
_aMonografia - Politechnika Krakowska im. Tadeusza Kościuszki _v281 |
|
| 856 |
_uhttp://koha.tu.koszalin.pl/cgi-bin/koha/opac-detail.pl?biblionumber=42667 _yKatalog online BPK |
||
| 942 |
_2UKD _cKS |
||
| 999 |
_c42667 _d42667 |
||